Online katalóg knižníc regiónu Turca

Abeceda vo veršíkoch (Record no. 21446)

MARC details
000 -LEADER
fixed length control field 02076cam a2200553 a 4500
001 - CONTROL NUMBER
control field 21446
003 - CONTROL NUMBER IDENTIFIER
control field VRT
005 - DATE AND TIME OF LATEST TRANSACTION
control field 20260302120703.0
008 - FIXED-LENGTH DATA ELEMENTS--GENERAL INFORMATION
fixed length control field 240318s2013 xo a a 000 p slo
015 ## - NATIONAL BIBLIOGRAPHY NUMBER
National bibliography number SNBA2013/05
020 ## - INTERNATIONAL STANDARD BOOK NUMBER
International Standard Book Number 9788081420702
Qualifying information (viaz.)
035 ## - SYSTEM CONTROL NUMBER
System control number 5E8315B6-090B-43D1-8E98-14B8614432FF
035 ## - SYSTEM CONTROL NUMBER
System control number urn:nbn:sk:snk-aml1j4
035 ## - SYSTEM CONTROL NUMBER
System control number urn:nbn:sk:snk-am008n4r
039 #9 - LEVEL OF BIBLIOGRAPHIC CONTROL AND CODING DETAIL [OBSOLETE]
Level of rules in bibliographic description 202403181809
Level of effort used to assign nonsubject heading access points VLOAD
Level of effort used to assign subject headings 202312031510
Level of effort used to assign classification AUTHORITY
Level of effort used to assign subject headings 202312031459
Level of effort used to assign classification AUTHORITY
Level of effort used to assign subject headings 201606101544
Level of effort used to assign classification VLOAD
040 ## - CATALOGING SOURCE
Original cataloging agency POKPOH
Language of cataloging slo
Transcribing agency POKPOH
Modifying agency SNK
Description conventions AACR2
041 0# - LANGUAGE CODE
Language code of text/sound track or separate title slo
044 ## - COUNTRY OF PUBLISHING/PRODUCING ENTITY CODE
MARC country code xo
ISO country code SK
072 #7 - SUBJECT CATEGORY CODE
Subject category code 821.162.4-1
Subject category code subdivision Slovenská poézia
Source konspekt
072 #7 - SUBJECT CATEGORY CODE
Subject category code 821-93
Subject category code subdivision Literatúra pre deti a mládež (beletria)
Source konspekt
080 ## - UNIVERSAL DECIMAL CLASSIFICATION NUMBER
Universal Decimal Classification number 821.162.4-1
Edition identifier 2001
080 ## - UNIVERSAL DECIMAL CLASSIFICATION NUMBER
Universal Decimal Classification number 003.23.081
Edition identifier 2001
080 ## - UNIVERSAL DECIMAL CLASSIFICATION NUMBER
Universal Decimal Classification number 821-93
Edition identifier 2001
100 1# - MAIN ENTRY--PERSONAL NAME
Personal name Hubočanová, Emília
Relationship aut
245 10 - TITLE STATEMENT
Title Abeceda vo veršíkoch
Statement of responsibility, etc. napísala Emília Hubočanová, ilustrovala Vladimíra Vopičková
260 ## - PUBLICATION, DISTRIBUTION, ETC.
Place of publication, distribution, etc. [Bratislava]
Name of publisher, distributor, etc. Fortuna Libri
Date of publication, distribution, etc. 2013
300 ## - PHYSICAL DESCRIPTION
Extent [37] s.
Other physical details fareb. ilustr.
Dimensions 24 cm
490 1# - SERIES STATEMENT
Series statement Fortuna Junior
650 07 - SUBJECT ADDED ENTRY--TOPICAL TERM
Topical term or geographic name entry element abeceda
Source of heading or term SNKPH
650 07 - SUBJECT ADDED ENTRY--TOPICAL TERM
Topical term or geographic name entry element Alphabet
Source of heading or term SNKPHeng
655 #7 - INDEX TERM--GENRE/FORM
Genre/form data or focus term slovenská poézia
Source of term SNKPH
655 #7 - INDEX TERM--GENRE/FORM
Genre/form data or focus term Slovak poetry
Source of term SNKPHeng
655 #7 - INDEX TERM--GENRE/FORM
Genre/form data or focus term Children's literature
Source of term SNKPHeng
655 #7 - INDEX TERM--GENRE/FORM
Genre/form data or focus term publikácie pre deti
Source of term SNKPH
700 1# - ADDED ENTRY--PERSONAL NAME
Personal name Vopičková, Vladimíra,
Dates associated with a name 1965-
Relationship ill
830 #0 - SERIES ADDED ENTRY--UNIFORM TITLE
Uniform title Fortuna Junior
910 ## - USER-OPTION DATA (OCLC)
User-option data pokpoh
910 ## - USER-OPTION DATA (OCLC)
User-option data svkbb
910 ## - USER-OPTION DATA (OCLC)
User-option data hevk
910 ## - USER-OPTION DATA (OCLC)
User-option data vthk
910 ## - USER-OPTION DATA (OCLC)
User-option data snk
910 ## - USER-OPTION DATA (OCLC)
User-option data ttkjf
942 ## - ADDED ENTRY ELEMENTS (KOHA)
Source of classification or shelving scheme Dewey Decimal Classification
Koha item type Krásna literatúra pre deti
Suppress in OPAC No
949 ## - LOCAL PROCESSING INFORMATION (OCLC)
6 3830001142212
a kurukT18/HUBO1-1
b kuruk2021/F649
o G2020/Adriana Čutková - Kníhkupectvo/20VF00014/Fond na podporu umenia na rok 2020, projekt č. 20-514-04042 s názvom: „Nákup knižničného fondu – priama podpora vedy a vzdelávania
949 ## - LOCAL PROCESSING INFORMATION (OCLC)
6 273K0554335
a svkpoB 91114
b svkpo567646
949 ## - LOCAL PROCESSING INFORMATION (OCLC)
6 270001000409836
a svkbbA 137710
b svkbbm 734737
949 ## - LOCAL PROCESSING INFORMATION (OCLC)
6 17A1067019
a snkSC 154079
b snk2013/8887
o 753/13
s 6100:20160127
949 ## - LOCAL PROCESSING INFORMATION (OCLC)
6 17A1067018
a snkSC 154079 D1
b snk2013/8888
o 753/13
Holdings
Stav vyradenia Strata Poškodenie Spôsob nadobudnutia Domovská knižnica Aktuálna knižnica Dátum nadobudnutia Total checkouts Čiarový kód exemplára Date last seen Typ exemplára
      Dar Obecná knižnica Turčianska Štiavnička Obecná knižnica Turčianska Štiavnička 02.03.2026   4738000141 02.03.2026 Krásna literatúra pre deti
      Dar Obecná knižnica Turčianska Štiavnička Obecná knižnica Turčianska Štiavnička 05.03.2026   4738000248 05.03.2026 Krásna literatúra pre deti
Projekt je podporený Slovenskou asociáciou knižníc
Prevádzkuje Turčianska knižnica Martin 2026